newjeans discography - Statistics

General Stats
  • This quiz has been taken 76 times
  • The average score is 17 of 22
Answer Stats
Hint Answer % Correct
single (coke) zero
96%
new jeans attention
95%
new jeans cookie
95%
get up new jeans
95%
get up get up
93%
new jeans hurt
91%
single b-side omg
91%
single ditto
89%
new jeans hype boy
89%
get up super shy
87%
single supernatural
85%
get up cool with you
82%
single (coke) how sweet
82%
get up asap
80%
single (game) gods
80%
get up eta
78%
single b-side bubble gum
76%
single b-side right now
71%
njz1 pit stop*
51%
single (ost) our night is more beautiful than your day
44%
single (ost) beautiful restriction
42%
single (featured) be who you are
33%
No matching quizzes found
Score Distribution
Percent of People with Each Score
Percentile by Number Answered
Your Score History
You have not taken this quiz